| 000 | 00707nam a2200193Ii 4500 | ||
|---|---|---|---|
| 003 | JO-AjNU | ||
| 008 | 230605s9999||||xx |||||||||||||| ||und|| | ||
| 040 |
_aJO-AjNU _bara _erda _cJO-AjNU |
||
| 041 | _aara | ||
| 050 | 1 | 4 | _aPJ6161.Z3522 |
| 100 | 3 |
_aتأليف الزمخشري، جار الله أبي القاسم محمود بن عمر؛ تحقيق عبدالرحيم محمود, _eauthor _941965 |
|
| 245 | 0 | 0 | _aأساس البلاغة |
| 264 | 3 | 1 | _aبيروت: دار المعرفة، 1900 |
| 300 | _a514ص | ||
| 336 |
_atext _btxt _2rdacontent |
||
| 337 |
_aunmediated _bn _2rdamedia |
||
| 338 |
_avolume _bnc _2rdacarrier |
||
| 650 | 4 |
_aاللغة العربية -- بلاغة -- معاجم _941966 |
|
| 999 |
_aA17934 _c21502 _d21502 |
||